| 000 | 00367nam a22001457a 4500 | ||
|---|---|---|---|
| 008 | 230201b |||||||| |||| 00| 0 eng d | ||
| 020 | _a9780312944506 | ||
| 082 | _aFIC 813.54 PEN | ||
| 100 | _aPenny, Louise. | ||
| 245 | _aThe Cruelest Month | ||
| 260 |
_aCanada: _bOxford University Press; _c2009. |
||
| 300 |
_a401 p : _c17.5 cm |
||
| 650 | _aFiction | ||
| 942 | _2ddc | ||
| 999 |
_c9257 _d9258 |
||